000 01153nam a2200253 a 4500
001 189
003 BD-RjUL
005 20211208233128.0
008 160714r20011984ii |||| b||| 000 0 ben d
020 _a8124705151
_c: IRs. 50.00
035 _a(BD-RjUL)202
040 _aBD-RjUL
_bben
_cBD-RjUL
_dBD-RjUL
041 _aben
082 _223
_a659.1
_bROB 2001
100 _aরায়চৌধুরী, অনিল কুমার
_9579
245 1 0 _aবিজ্ঞাপন বিদ্যা /
_cঅনিল কুমার রায়চৌধুরী, প্রভাতকুমার গোস্বামী
260 _aকলকাতা :
_bপশ্চিমবঙ্গ রাজ্য পুস্তক পর্ষৎ ,
_c১৯৮৪ [মুদ্রণ ২০০১]
300 _a[৮], ১০৩ পৃ. :
_bচিত্র ;
_c২৩ সেমি.
504 _aগ্রন্থপঞ্জি সংযুক্ত
650 _aবিজ্ঞাপন
_9393
650 _aAdvertising
_9135537
700 _aগোস্বামী, প্রভাতকুমার, যুগ্ম লেখক
_9125908
942 _2ddc
_cBK
999 _c189
_d189